Integration
Αποθηκεύτηκε σε:
| Κύριος συγγραφέας: | |
|---|---|
| Μορφή: | Βιβλίο |
| Γλώσσα: | English |
| Δημοσίευση: |
Edinburg, London :
Oliver and Boyd,
1959, 1939
|
| Έκδοση: | 6th ed. Repr. |
| Σειρά: | University mathematical texts
|
| Θέματα: | |
| Ετικέτες: |
Προσθήκη ετικέτας
Δεν υπάρχουν, Καταχωρήστε ετικέτα πρώτοι!
|
MARC
| LEADER | 00000cam a2200000 i 4500 | ||
|---|---|---|---|
| 001 | 1/97258 | ||
| 008 | 081113r19391959 eng d | ||
| 035 | |l 10101646 | ||
| 040 | |a GR-MY-UA |b gre |e aacr | ||
| 041 | 0 | |a eng | |
| 082 | 0 | |a 515.43 |2 (22) | |
| 100 | 1 | |a Gillespie, R. P. |q (Robert Pollock) | |
| 245 | 1 | 0 | |a Integration / |c R. P. Gillespie |
| 250 | |a 6th ed. Repr. | ||
| 260 | |a Edinburg, London : |b Oliver and Boyd, |c 1959, 1939 | ||
| 300 | |a vii, 132 σ.; |c 19 εκ. | ||
| 490 | 1 | |a University mathematical texts | |
| 504 | |a Περιέχει ευρετήριο | ||
| 650 | 0 | 0 | |a Calculus, Integral. |
| 830 | 0 | |a University mathematical texts | |
| 852 | |a INST |b SAMOS |c MAG |e 20081113 |h 515.43 GIL |p 005300029637 |q 005300029637 |t BK |y 0 | ||
| 901 | |a BIBL3-2008-3 | ||
| 909 | |a Σ |b 155342 | ||
| 970 | |a ΡΟΥΣΣΟΥ |b ΚΩΝΣΤΑΝΤΙΝΑ |z 2008/11/13 | ||